01450nam a2200361Ia 4500001001200000003000800012006001900020007001500039008004100054010001700095020001800112020001500130020003100145020002800176040002100204035002100225050002600246100002300272245009700295260004400392300002500436490005800461504006400519533015200583650002400735650003300759650003000792655002900822710001700851830007900868856012600947999001501073ebr10285625CaPaEBRm u cr cn|||||||||081218s2009 dcua sb i001 0 eng d z 2008051559 z9780821378120 z0821378120 z9780821378137 (electronic) z0821378139 (electronic) aCaPaEBRcCaPaEBR a(OCoLC)56062098414aHG5843.A3bI27 2009eb1 aIarossi, Giuseppe.13aAn assessment of the investment climate in Kenyah[electronic resource] /cGiuseppe Iarossi. aWashington, D.C. :bWorld Bank,cc2009. axiii, 121 p. :bill.1 aDirections in development. Private sector development aIncludes bibliographical references (p. 113-115) and index. aElectronic reproduction.bPalo Alto, Calif. :cebrary,d2011.nAvailable via World Wide Web.nAccess may be limited to ebrary affiliated libraries. 0aInvestmentszKenya. 0aBusiness enterpriseszKenya. 0aCorporate culturezKenya. 7aElectronic books.2local2 aebrary, Inc. 0aDirections in development (Washington, D.C.).pPrivate sector development.40uhttp://site.ebrary.com/lib/rucke/Doc?id=10285625zAn electronic book accessible through the World Wide Web; click to view c2017d2017